1458 1818 1027 1941 1701 1942 1461 1947 1649 1276 1798 1573 1613 1557 1749 1460 1263 1909 1402 1075 1648 1099 1575 1348 1145 1449 1257 1833 1867 1312 1566 1823 1050 1120 1581 1556 1213 1337 1702 1010 1310 1790 1482 1438 1011 1965 1522 1408 1519 1024 1725 1329 1236 1725 1352 1784 1195 1229 1196 1026 1417 1786 1778 1511 1722 1397 1116 1384 1393 1289 1845 1407 1646 1718 1303 1049 1734 1658 1029 1808 1704 1198 1932 1172 1691 1069 1535 1576 1112 1023 1036 1134 1909 1282 1962 1690 1295 1486 1470 BCNSPRNW ULIB Ver.6.0+V

เปลี่ยนเป็นภาษาไทย

Change to English
 แสดงรายละเอียดบรรณานุกรม
  กลับหน้าหลัก

Brief Record : Get Marc (ISO 2709) : E-mail record : QR code < ปิดหน้าต่าง
LEADER : 00000nam 2200000uu 4500
001    13399111273
003     ULIB
008    110621s2004||||th 000 0 eng d
024    9780443069437
060 04 WQ300^bN842 2004
245 00 Normal childbirth :^bevidence and debate /^cedited by SooDowne ; foreword by Robbie E. Davis-Floyd.
250     2nd ed
260    Edinburgh :^bElsevier Churchill Livingstone,^c2004
300    xiii, 200 p. : ^bill. ;^c26 cm
504    Includes bibliographical references and index
650  2 Midwifery Parturition
650  2 Parturition
650  2 Natural Childbirth
700 1  Downe, Soo.,^eed.
945    ^p0^l0^i027397
995     Kesorn
999 ^a ใช้งานได้ทุกระบบ
รายการนี้ยังไม่มีแท็ก
คุณยังไม่ได้ล็อกอิน คุณสามารถมีกิจกรรมร่วมกับเว็บไซต์ได้ แต่ต้องล็อกอินก่อน ::
  ล็อกอิน

รายการสื่อสารสนเทศ

ลำดับที่ ประเภท เลขเรียก/บาร์โค้ด สถานที่ สถานะ
- ไม่พบข้อมูล -

รายการใกล้เคียง
    หัวเรื่อง [Parturition]

BibComment


ยังไม่เคยถูกคอมเมนท์

คอมเมนท์ทรัพยากรรายการนี้
  คอมเมนท์: Normal childbirth..


 Copyright 2026. Bcnsprnw @Library